<?xml version="1.0" encoding="UTF-8"?>
<record
    xmlns:xsi="http://www.w3.org/2001/XMLSchema-instance"
    xsi:schemaLocation="http://www.loc.gov/MARC21/slim http://www.loc.gov/standards/marcxml/schema/MARC21slim.xsd"
    xmlns="http://www.loc.gov/MARC21/slim">

  <leader>01310nam a22002297a 4500</leader>
  <controlfield tag="003">BPGM</controlfield>
  <controlfield tag="008">260616s        mx ba||gr||||s001 | spa d</controlfield>
  <datafield tag="020" ind1=" " ind2=" ">
    <subfield code="a">968-845-290-4</subfield>
  </datafield>
  <datafield tag="040" ind1=" " ind2=" ">
    <subfield code="b">spa</subfield>
  </datafield>
  <datafield tag="041" ind1=" " ind2=" ">
    <subfield code="a">SPA</subfield>
    <subfield code="h">SPA</subfield>
  </datafield>
  <datafield tag="082" ind1="0" ind2="4">
    <subfield code="2">PRIMERA EDICI&#xD3;N, DICIEMBRE 2005</subfield>
    <subfield code="a">CQ / 304.2 / Q48</subfield>
    <subfield code="b">Q48</subfield>
  </datafield>
  <datafield tag="100" ind1=" " ind2=" ">
    <subfield code="a">SERGIO QUESADA ALDANA</subfield>
    <subfield code="c">AUTOR</subfield>
  </datafield>
  <datafield tag="245" ind1=" " ind2=" ">
    <subfield code="a">LA ECOLOG&#xCD;A POL&#xCD;TICA EN LA CULTURA DEL AGUA DE QUER&#xC9;TARO</subfield>
  </datafield>
  <datafield tag="260" ind1=" " ind2=" ">
    <subfield code="a">QUER&#xC9;TARO, M&#xC9;XICO</subfield>
    <subfield code="b">UNIVERSIDAD AUT&#xD3;NOMA DE QUER&#xC9;TARO</subfield>
    <subfield code="c">2005</subfield>
  </datafield>
  <datafield tag="300" ind1=" " ind2=" ">
    <subfield code="a">187 P&#xC1;GINAS;</subfield>
    <subfield code="c">20.8 CM X 14 CM</subfield>
  </datafield>
  <datafield tag="336" ind1=" " ind2=" ">
    <subfield code="2">rdacontent</subfield>
    <subfield code="a">texto</subfield>
    <subfield code="b">txt</subfield>
  </datafield>
  <datafield tag="337" ind1=" " ind2=" ">
    <subfield code="2">rdamedia</subfield>
    <subfield code="a">sin mediaci&#xF3;n</subfield>
    <subfield code="b">n</subfield>
  </datafield>
  <datafield tag="338" ind1=" " ind2=" ">
    <subfield code="2">rdacarrier</subfield>
    <subfield code="a">volumen </subfield>
    <subfield code="b">nc</subfield>
  </datafield>
  <datafield tag="505" ind1=" " ind2=" ">
    <subfield code="a">EL TEMA DEL AGUA SE HA CONVERTIDO EN NUESTRO TIEMPO EN UNO DE LOS REFERENTES PRIORITARIOS PARA LA INVESTIGACI&#xD3;N. EN EL CASO DE M&#xC9;XICO ES UN RECURSO NO RENOVABLE Y ESCASO EN LA MAYOR PARTE DE SU TERRITORIO, LO CUAL SE ACENT&#xDA;A A&#xDA;N M&#xC1;S PARA QUER&#xC9;TARO Y SOBRETODO PARA SU CAPITAL, DONDE TRADICIONALMENTE SE HA SUFRIDO POR SU CARENCIA, OBLIGANDO A LA RESPUESTA ESTOICA Y AL TALENTO DE SUS POBLADORES EN LO CONCERNIENTE A SU ACCESO, EXTRACCI&#xD3;N, CUIDADO Y DISTRIBUCI&#xD3;N, GENERANDO UNA CULTURA DEL AGUA, OBSERVABLE A TRAV&#xC9;S DE LOS A&#xD1;OS Y DE LAS ETAPAS DE EVOLUCI&#xD3;N HIST&#xD3;RICA DE QUER&#xC9;TARO.</subfield>
  </datafield>
  <datafield tag="650" ind1=" " ind2=" ">
    <subfield code="v">304</subfield>
    <subfield code="x">300</subfield>
    <subfield code="y">00</subfield>
    <subfield code="z">4</subfield>
  </datafield>
  <datafield tag="942" ind1=" " ind2=" ">
    <subfield code="2">ddc</subfield>
    <subfield code="c">COLQ</subfield>
  </datafield>
  <datafield tag="952" ind1=" " ind2=" ">
    <subfield code="0">0</subfield>
    <subfield code="1">0</subfield>
    <subfield code="2">ddc</subfield>
    <subfield code="4">0</subfield>
    <subfield code="7">2</subfield>
    <subfield code="8">GENERAL</subfield>
    <subfield code="a">BPCEFC</subfield>
    <subfield code="b">BPCEFC</subfield>
    <subfield code="c">ACCESO "A" PLANTA ALTA</subfield>
    <subfield code="d">2026-06-16</subfield>
    <subfield code="e">DONACION</subfield>
    <subfield code="l">0</subfield>
    <subfield code="o">CQ / 304.2 / Q48</subfield>
    <subfield code="r">2026-06-16 18:21:04</subfield>
    <subfield code="t">EJ. 1</subfield>
    <subfield code="w">2026-06-16</subfield>
    <subfield code="y">COLQ</subfield>
  </datafield>
  <datafield tag="952" ind1=" " ind2=" ">
    <subfield code="0">0</subfield>
    <subfield code="1">0</subfield>
    <subfield code="2">ddc</subfield>
    <subfield code="4">0</subfield>
    <subfield code="7">0</subfield>
    <subfield code="8">GENERAL</subfield>
    <subfield code="a">BPCEFC</subfield>
    <subfield code="b">BPCEFC</subfield>
    <subfield code="c">ACCESO "A" PLANTA ALTA</subfield>
    <subfield code="d">2026-06-16</subfield>
    <subfield code="e">DONACION</subfield>
    <subfield code="l">0</subfield>
    <subfield code="o">CQ / 304.2 / Q48</subfield>
    <subfield code="r">2026-06-16 18:21:14</subfield>
    <subfield code="t">EJ. 2</subfield>
    <subfield code="w">2026-06-16</subfield>
    <subfield code="y">COLQ</subfield>
  </datafield>
  <datafield tag="952" ind1=" " ind2=" ">
    <subfield code="0">0</subfield>
    <subfield code="1">0</subfield>
    <subfield code="2">ddc</subfield>
    <subfield code="4">0</subfield>
    <subfield code="7">0</subfield>
    <subfield code="8">GENERAL</subfield>
    <subfield code="a">BPCEFC</subfield>
    <subfield code="b">BPCEFC</subfield>
    <subfield code="c">ACCESO "A" PLANTA ALTA</subfield>
    <subfield code="d">2026-06-16</subfield>
    <subfield code="e">DONACION</subfield>
    <subfield code="l">0</subfield>
    <subfield code="o">CQ / 304.2 / Q48</subfield>
    <subfield code="r">2026-06-16 18:21:20</subfield>
    <subfield code="t">EJ. 3</subfield>
    <subfield code="w">2026-06-16</subfield>
    <subfield code="y">COLQ</subfield>
  </datafield>
  <datafield tag="999" ind1=" " ind2=" ">
    <subfield code="c">68609</subfield>
    <subfield code="d">68609</subfield>
  </datafield>
</record>
